Η ομορφιά των παιδιών σας

Αποθηκεύτηκε σε:
Λεπτομέρειες βιβλιογραφικής εγγραφής
Κύριοι συγγραφείς: Ripault, Christine, Lamiral, Sophie (Συγγραφέας)
Άλλοι συγγραφείς: Βασδέκης, Γιώργος Α. (Μεταφραστής)
Μορφή: Βιβλίο
Γλώσσα:Greek
French
Δημοσίευση: [Αθήνα] : Δίπτυχο, [1970].
Θέματα:
Ετικέτες: Προσθήκη ετικέτας
Δεν υπάρχουν, Καταχωρήστε ετικέτα πρώτοι!

MARC

LEADER 00000cam a2200000 a 4500
001 1/119107
008 190610s1970####gr | ||| |||| ||gre||
040 |a GR-MyUa  |b gre  |c GR-MyUa  |e AACR2 
041 1 |a gre  |h fre 
082 7 |a 649.4   |2 (23) 
100 1 |a Ripault, Christine. 
245 1 0 |a Η ομορφιά των παιδιών σας /   |c Ripault Christine, Sophie Lamiral ; σκίτσα: Jaques Taillefer ; μετάφραση: Γ.Α. Βασδέκη, Κατερίνας Παπανικολάου. 
260 |a [Αθήνα] :   |b Δίπτυχο,   |c [1970].  
300 |a 392 σ. ;   |c 23 εκ.  
500 |a Μετάφραση του: "La beaute de vos enfants".  
650 0 |a Child care. 
650 0 |a Children  |x Health and hygiene. 
700 1 |a Lamiral, Sophie,  |e aut 
700 1 |a Βασδέκης, Γιώργος Α.  |e trl 
852 |a INST  |b RHODES  |c AKA  |e 20190610  |h 649.4 RIP  |p 005400040902  |q 005400040902  |t BK  |y 0 
970 |a Κόζα   |b Μαρία   |z 10/06/2019